| 000 -LEADER |
| fixed length control field |
00633nam a22002057a 4500 |
| 008 - FIXED-LENGTH DATA ELEMENTS--GENERAL INFORMATION |
| fixed length control field |
150708b xxu||||| |||| 00| 0 alb d |
| 020 ## - INTERNATIONAL STANDARD BOOK NUMBER |
| International Standard Book Number |
9786084503507 |
| 041 0# - LANGUAGE CODE |
| Language code of text/sound track or separate title |
alb |
| 080 ## - UNIVERSAL DECIMAL CLASSIFICATION NUMBER |
| Universal Decimal Classification number |
341.242 |
| 100 ## - Rafti |
| Rafti |
Reka, Blerim ; Sela, Ylber ; |
| 245 ## - TITLE STATEMENT |
| Title |
Hyrje në të drejtën e Unionit Evropian : |
| Statement of responsibility, etc |
Blerim Reka, Ylber Sela; |
| 250 ## - |
| -- |
2nd Edition |
| 260 ## - |
| -- |
Tetovë: |
| -- |
UEJL ; |
| -- |
2011. |
| 300 ## - |
| -- |
257 f.; |
| -- |
24 cm. |
| 500 ## - |
| -- |
Parathënie e botimit te dytë: f. 9 |
| 650 #0 - |
| -- |
Bashkimi Europian |
| 650 #0 - |
| -- |
Ligji |
| 650 #0 - |
| -- |
Legjislacioni |
| 942 ## - ADDED ENTRY ELEMENTS (KOHA) |
| Source of classification or shelving scheme |
|
| Item type |
Books |